[Event "N1 Reykjavik Open 2014"]
[Site "Reykjavik, Iceland"]
[Date "2014.03.09"]
[Round "7.1"]
[White "Amin, Bassem"]
[Black "L'Ami, Erwin"]
[Result "1-0"]
[WhiteElo "2657"]
[BlackElo "2646"]
[LiveChessVersion "1.4.2"]

1. Nf3 
    {[%clk 1:30:49]}
1. ... Nf6 
    {[%clk 1:30:51]}
2. g3 
    {[%clk 1:29:50]}
2. ... b6 
    {[%clk 1:30:59]}
3. Bg2 
    {[%clk 1:30:05]}
3. ... Bb7 
    {[%clk 1:31:02]}
4. d3 
    {[%clk 1:30:11]}
4. ... d5 
    {[%clk 1:29:40]}
5. O-O 
    {[%clk 1:30:32]}
5. ... e6 
    {[%clk 1:29:30]}
6. c4 
    {[%clk 1:30:37]}
6. ... Be7 
    {[%clk 1:28:31]}
7. cxd5 
    {[%clk 1:30:22]}
7. ... Nxd5 
    {[%clk 1:27:58]}
8. a3 
    {[%clk 1:24:55]}
8. ... c5 
    {[%clk 1:25:55]}
9. e4 
    {[%clk 1:20:18]}
9. ... Nc7 
    {[%clk 1:21:00]}
10. Nc3 
    {[%clk 1:11:24]}
10. ... O-O 
    {[%clk 1:18:16]}
11. d4 
    {[%clk 1:08:48]}
11. ... cxd4 
    {[%clk 1:16:17]}
12. Nxd4 
    {[%clk 1:08:12]}
12. ... Nc6 
    {[%clk 0:58:46]}
13. Nxc6 
    {[%clk 1:07:54]}
13. ... Bxc6 
    {[%clk 0:59:02]}
14. Qg4 
    {[%clk 1:07:56]}
14. ... Qc8 
    {[%clk 0:48:04]}
15. Bh6 
    {[%clk 0:48:57]}
15. ... Ne8 
    {[%clk 0:47:02]}
16. e5 
    {[%clk 0:49:12]}
16. ... Bxg2 
    {[%clk 0:45:16]}
17. Kxg2 
    {[%clk 0:49:22]}
17. ... Qb7+ 
    {[%clk 0:43:34]}
18. Kg1 
    {[%clk 0:49:24]}
18. ... Kh8 
    {[%clk 0:41:38]}
19. Bg5 
    {[%clk 0:49:25]}
19. ... Bxg5 
    {[%clk 0:39:02]}
20. Qxg5 
    {[%clk 0:49:46]}
20. ... h6 
    {[%clk 0:39:07]}
21. Qf4 
    {[%clk 0:49:15]}
21. ... Nc7 
    {[%clk 0:37:06]}
22. Rad1 
    {[%clk 0:48:07]}
22. ... Nd5 
    {[%clk 0:34:22]}
23. Nxd5 
    {[%clk 0:47:41]}
23. ... exd5 
    {[%clk 0:34:46]}
24. Rd4 
    {[%clk 0:47:36]}
24. ... Rad8 
    {[%clk 0:27:22]}
25. Rfd1 
    {[%clk 0:44:08]}
25. ... Rfe8 
    {[%clk 0:26:17]}
26. Qf5 
    {[%clk 0:43:53]}
26. ... Rd7 
    {[%clk 0:25:31]}
27. f4 
    {[%clk 0:44:00]}
27. ... Red8 
    {[%clk 0:16:16]}
28. Qd3 
    {[%clk 0:40:18]}
28. ... Qc6 
    {[%clk 0:15:31]}
29. f5 
    {[%clk 0:35:26]}
29. ... Re8 
    {[%clk 0:14:52]}
30. Re1 
    {[%clk 0:30:48]}
30. ... b5 
    {[%clk 0:14:01]}
31. b4 
    {[%clk 0:29:23]}
31. ... a6 
    {[%clk 0:13:46]}
32. Qd2 
    {[%clk 0:28:23]}
32. ... Qb6 
    {[%clk 0:12:05]}
33. Kg2 
    {[%clk 0:27:56]}
33. ... Qc7 
    {[%clk 0:11:02]}
34. Qf4 
    {[%clk 0:26:30]}
34. ... Qc6 
    {[%clk 0:08:03]}
35. Rc1 
    {[%clk 0:24:16]}
35. ... Qb7 
    {[%clk 0:07:06]}
36. h4 
    {[%clk 0:23:05]}
36. ... Rc7 
    {[%clk 0:04:11]}
37. Rxc7 
    {[%clk 0:20:47]}
37. ... Qxc7 
    {[%clk 0:04:39]}
38. Rxd5 
    {[%clk 0:20:39]}
38. ... Qc3 
    {[%clk 0:02:26]}
39. f6 
    {[%clk 0:18:17]}
39. ... Qc6 
    {[%clk 0:00:37]}
40. fxg7+ 
    {[%clk 0:48:25]}
40. ... Kxg7 
    {[%clk 0:30:43]}
41. Qf3 
    {[%clk 0:48:39]}
41. ... h5 
    {[%clk 0:26:13]}
42. Rc5 
    {[%clk 0:44:11]}
42. ... Qg6 
    {[%clk 0:22:24]}
43. Rc6 
    {[%clk 0:43:35]}
43. ... Qg4 
    {[%clk 0:21:29]}
44. Rxa6 
    {[%clk 0:36:06]}
44. ... Qxf3+ 
    {[%clk 0:19:28]}
45. Kxf3 
    {[%clk 0:36:34]}
45. ... Rxe5 
    {[%clk 0:19:55]}
46. Kf4 
    {[%clk 0:36:00]}
46. ... f6 
    {[%clk 0:19:00]}
47. Rc6 
    {[%clk 0:36:23]}
47. ... Re1 
    {[%clk 0:18:11]}
48. Rc5 
    {[%clk 0:36:47]}
48. ... Rf1+ 
    {[%clk 0:18:26]}
49. Ke4 
    {[%clk 0:37:04]}
49. ... Re1+ 
    {[%clk 0:16:23]}
50. Kf3 
    {[%clk 0:37:23]}
50. ... Rf1+ 
    {[%clk 0:13:50]}
51. Kg2 
    {[%clk 0:37:46]}
51. ... Ra1 
    {[%clk 0:14:11]}
52. Rxh5 
    {[%clk 0:37:49]}
52. ... Rxa3 
    {[%clk 0:14:37]}
53. Rxb5 
    {[%clk 0:38:14]}
53. ... Kg6 
    {[%clk 0:14:05]}
54. h5+ 
    {[%clk 0:37:46]}
54. ... Kh6 
    {[%clk 0:14:29]}
55. Rf5 
    {[%clk 0:36:51]}
55. ... Rb3 
    {[%clk 0:14:40]}
56. Rxf6+ 
    {[%clk 0:31:54]}
56. ... Kxh5 
    {[%clk 0:15:04]}
57. Rf4 
    {[%clk 0:32:16]}
57. ... Kg5 
    {[%clk 0:14:47]}
58. Rc4 
    {[%clk 0:32:41]}
58. ... Rb1 
    {[%clk 0:15:03]}
59. g4 
    {[%clk 0:32:48]}
59. ... Rb3 
    {[%clk 0:14:47]}
60. Kf2 
    {[%clk 0:33:09]}
60. ... Kf6 
    {[%clk 0:15:01]}
61. Re4 
    {[%clk 0:33:30]}
1-0

[Event "N1 Reykjavik Open 2014"]
[Site "Reykjavik, Iceland"]
[Date "2014.03.09"]
[Round "7.2"]
[White "Van Kampen, Robin"]
[Black "Naiditsch, Arkadij"]
[Result "0-1"]
[WhiteElo "2603"]
[BlackElo "2706"]
[LiveChessVersion "1.4.2"]

1. e4 
    {[%clk 1:25:42]}
1. ... e5 
    {[%clk 1:30:55]}
2. Nf3 
    {[%clk 1:26:05]}
2. ... Nc6 
    {[%clk 1:31:17]}
3. Bb5 
    {[%clk 1:26:31]}
3. ... Nf6 
    {[%clk 1:31:40]}
4. O-O 
    {[%clk 1:26:56]}
4. ... Nxe4 
    {[%clk 1:31:45]}
5. Re1 
    {[%clk 1:27:22]}
5. ... Nd6 
    {[%clk 1:32:02]}
6. Nxe5 
    {[%clk 1:27:47]}
6. ... Be7 
    {[%clk 1:32:24]}
7. Bf1 
    {[%clk 1:28:12]}
7. ... Nxe5 
    {[%clk 1:32:05]}
8. Rxe5 
    {[%clk 1:28:35]}
8. ... O-O 
    {[%clk 1:32:29]}
9. Nc3 
    {[%clk 1:29:03]}
9. ... Ne8 
    {[%clk 1:31:52]}
10. Nd5 
    {[%clk 1:29:02]}
10. ... Bd6 
    {[%clk 1:32:11]}
11. Re1 
    {[%clk 1:29:28]}
11. ... c6 
    {[%clk 1:32:12]}
12. Ne3 
    {[%clk 1:29:53]}
12. ... Bc7 
    {[%clk 1:32:06]}
13. Nf5 
    {[%clk 1:30:15]}
13. ... d5 
    {[%clk 1:32:27]}
14. Ne7+ 
    {[%clk 1:30:41]}
14. ... Kh8 
    {[%clk 1:32:51]}
15. Nxc8 
    {[%clk 1:31:07]}
15. ... Rxc8 
    {[%clk 1:33:12]}
16. d3 
    {[%clk 1:30:19]}
16. ... Nf6 
    {[%clk 1:33:27]}
17. g3 
    {[%clk 1:30:32]}
17. ... Qd7 
    {[%clk 1:24:43]}
18. Qf3 
    {[%clk 1:30:40]}
18. ... Rce8 
    {[%clk 1:20:21]}
19. Bg5 
    {[%clk 1:30:18]}
19. ... Qd8 
    {[%clk 1:19:25]}
20. Bh3 
    {[%clk 1:27:41]}
20. ... Kg8 
    {[%clk 1:14:38]}
21. a3 
    {[%clk 1:22:48]}
21. ... h6 
    {[%clk 1:12:15]}
22. Bd2 
    {[%clk 1:22:49]}
22. ... Nh7 
    {[%clk 1:00:31]}
23. Qg4 
    {[%clk 1:10:09]}
23. ... Ng5 
    {[%clk 0:55:32]}
24. Bg2 
    {[%clk 1:10:20]}
24. ... f5 
    {[%clk 0:46:18]}
25. Qh5 
    {[%clk 1:02:24]}
25. ... Ne6 
    {[%clk 0:45:50]}
26. Bc3 
    {[%clk 0:51:12]}
26. ... Kh7 
    {[%clk 0:42:57]}
27. Bd2 
    {[%clk 0:38:51]}
27. ... f4 
    {[%clk 0:21:51]}
28. Qg4 
    {[%clk 0:35:42]}
28. ... Qf6 
    {[%clk 0:21:27]}
29. Bc3 
    {[%clk 0:28:39]}
29. ... Qf7 
    {[%clk 0:15:05]}
30. Bb4 
    {[%clk 0:12:52]}
30. ... h5 
    {[%clk 0:15:11]}
31. Qd1 
    {[%clk 0:08:21]}
31. ... c5 
    {[%clk 0:11:23]}
32. Rxe6 
    {[%clk 0:08:45]}
32. ... Rxe6 
    {[%clk 0:10:24]}
33. Bxc5 
    {[%clk 0:08:41]}
33. ... Rfe8 
    {[%clk 0:06:45]}
34. d4 
    {[%clk 0:04:13]}
34. ... Rf6 
    {[%clk 0:04:14]}
35. Qd3+ 
    {[%clk 0:03:30]}
35. ... g6 
    {[%clk 0:04:27]}
36. Bb4 
    {[%clk 0:03:03]}
36. ... f3 
    {[%clk 0:03:21]}
37. Bh3 
    {[%clk 0:02:55]}
37. ... h4 
    {[%clk 0:02:58]}
38. Bd2 
    {[%clk 0:01:33]}
38. ... hxg3 
    {[%clk 0:02:41]}
39. hxg3 
    {[%clk 0:01:51]}
39. ... Bxg3 
    {[%clk 0:00:50]}
40. fxg3 
    {[%clk 0:31:46]}
40. ... Qc7 
    {[%clk 0:31:05]}
41. Bf4 
    {[%clk 0:24:38]}
41. ... Rxf4 
    {[%clk 0:31:10]}
42. gxf4 
    {[%clk 0:24:54]}
42. ... Qxf4 
    {[%clk 0:31:28]}
43. Bg2 
    {[%clk 0:24:24]}
43. ... fxg2 
    {[%clk 0:25:54]}
44. Qh3+ 
    {[%clk 0:20:48]}
44. ... Kg8 
    {[%clk 0:26:11]}
45. Qxg2 
    {[%clk 0:09:50]}
45. ... Qxd4+ 
    {[%clk 0:26:22]}
46. Kh1 
    {[%clk 0:07:07]}
46. ... Kg7 
    {[%clk 0:26:23]}
47. Qg3 
    {[%clk 0:07:23]}
47. ... Rh8+ 
    {[%clk 0:23:05]}
48. Kg2 
    {[%clk 0:07:47]}
48. ... Qe4+ 
    {[%clk 0:22:09]}
0-1

[Event "N1 Reykjavik Open 2014"]
[Site "Reykjavik, Iceland"]
[Date "2014.03.09"]
[Round "7.3"]
[White "Li, Chao"]
[Black "Rozentalis, Eduardas"]
[Result "1-0"]
[WhiteElo "2700"]
[BlackElo "2623"]
[LiveChessVersion "1.4.2"]

1. d4 
    {[%clk 1:28:28]}
1. ... Nf6 
    {[%clk 1:30:44]}
2. c4 
    {[%clk 1:28:37]}
2. ... e6 
    {[%clk 1:31:09]}
3. g3 
    {[%clk 1:29:01]}
3. ... d5 
    {[%clk 1:31:12]}
4. Bg2 
    {[%clk 1:29:20]}
4. ... Be7 
    {[%clk 1:31:27]}
5. Nf3 
    {[%clk 1:29:42]}
5. ... O-O 
    {[%clk 1:31:38]}
6. Qc2 
    {[%clk 1:29:32]}
6. ... c5 
    {[%clk 1:31:52]}
7. O-O 
    {[%clk 1:29:31]}
7. ... cxd4 
    {[%clk 1:31:59]}
8. Nxd4 
    {[%clk 1:29:49]}
8. ... Nc6 
    {[%clk 1:32:04]}
9. Nxc6 
    {[%clk 1:29:36]}
9. ... bxc6 
    {[%clk 1:32:23]}
10. Nd2 
    {[%clk 1:29:06]}
10. ... Qb6 
    {[%clk 1:30:53]}
11. b3 
    {[%clk 1:26:01]}
11. ... a5 
    {[%clk 1:30:14]}
12. a3 
    {[%clk 1:18:23]}
12. ... Rb8 
    {[%clk 1:25:28]}
13. Bb2 
    {[%clk 1:16:29]}
13. ... dxc4 
    {[%clk 1:21:22]}
14. Nxc4 
    {[%clk 1:14:03]}
14. ... Qxb3 
    {[%clk 1:21:31]}
15. Qxb3 
    {[%clk 1:14:00]}
15. ... Rxb3 
    {[%clk 1:21:49]}
16. Rab1 
    {[%clk 1:13:50]}
16. ... Rb5 
    {[%clk 1:14:29]}
17. Ne5 
    {[%clk 0:48:04]}
17. ... Bb7 
    {[%clk 1:07:34]}
18. a4 
    {[%clk 0:48:15]}
18. ... Rb3 
    {[%clk 1:03:01]}
19. Nc4 
    {[%clk 0:43:21]}
19. ... Bb4 
    {[%clk 0:44:43]}
20. Bxf6 
    {[%clk 0:41:25]}
20. ... Rxb1 
    {[%clk 0:44:49]}
21. Rxb1 
    {[%clk 0:41:52]}
21. ... Ba6 
    {[%clk 0:42:16]}
22. Ne5 
    {[%clk 0:36:34]}
22. ... gxf6 
    {[%clk 0:42:22]}
23. Nxc6 
    {[%clk 0:36:56]}
23. ... Rc8 
    {[%clk 0:36:22]}
24. Kf1 
    {[%clk 0:33:52]}
24. ... Kf8 
    {[%clk 0:27:43]}
25. Bf3 
    {[%clk 0:31:35]}
25. ... Bc3 
    {[%clk 0:22:11]}
26. Rb3 
    {[%clk 0:31:30]}
26. ... Bd2 
    {[%clk 0:21:43]}
27. Rb6 
    {[%clk 0:31:42]}
27. ... Bc4 
    {[%clk 0:18:02]}
28. Rb2 
    {[%clk 0:31:44]}
28. ... Bh6 
    {[%clk 0:16:53]}
29. Nxa5 
    {[%clk 0:31:36]}
29. ... Ba6 
    {[%clk 0:17:19]}
30. Nc6 
    {[%clk 0:30:56]}
30. ... Rc7 
    {[%clk 0:13:00]}
31. Rb8+ 
    {[%clk 0:28:31]}
31. ... Kg7 
    {[%clk 0:12:48]}
32. Rb6 
    {[%clk 0:28:17]}
32. ... Bb7 
    {[%clk 0:11:49]}
33. e3 
    {[%clk 0:27:11]}
33. ... Bxc6 
    {[%clk 0:09:15]}
34. Bxc6 
    {[%clk 0:27:37]}
34. ... f5 
    {[%clk 0:09:13]}
35. Ke2 
    {[%clk 0:27:10]}
35. ... Bg5 
    {[%clk 0:06:36]}
36. Kd3 
    {[%clk 0:26:55]}
36. ... Bd8 
    {[%clk 0:07:02]}
37. Kc4 
    {[%clk 0:24:25]}
37. ... Rc8 
    {[%clk 0:07:06]}
38. Kb5 
    {[%clk 0:24:32]}
38. ... Bxb6 
    {[%clk 0:06:52]}
39. Kxb6 
    {[%clk 0:24:57]}
39. ... Rb8+ 
    {[%clk 0:06:24]}
40. Bb7 
    {[%clk 0:52:46]}
40. ... Rd8 
    {[%clk 0:36:49]}
41. a5 
    {[%clk 0:52:25]}
41. ... Rd2 
    {[%clk 0:37:16]}
42. f4 
    {[%clk 0:51:34]}
1-0

[Event "N1 Reykjavik Open 2014"]
[Site "Reykjavik, Iceland"]
[Date "2014.03.09"]
[Round "7.4"]
[White "Rapport, Richard"]
[Black "Kobalia, Mikhail"]
[Result "1/2-1/2"]
[WhiteElo "2681"]
[BlackElo "2646"]
[EventDate "2014.??.??"]
[Annotator "peturla"]
[PlyCount "125"]
[TimeControl "5400+1240"]
[WhiteClock "0:15:10"]
[BlackClock "0:09:47"]

1. c4 c6 2. e4 d5 3. cxd5 cxd5 4. exd5 Nf6 5. Bb5+ Nbd7 6. Nf3 g6 7. O-O 
Nxd5 8. Nc3 Nf6 9. Re1 Bg7 10. Qe2 e6 11. d4 O-O 12. Bg5 h6 13. Bh4 Nb6 
14. Rad1 Bd7 15. Bxd7 Qxd7 16. Ne5 Qe8 17. Bxf6 Bxf6 18. Qf3 Qe7 19. Ng4 
Bg7 20. d5 Rad8 21. Qf4 Qd6 22. Qxd6 Rxd6 23. Ne4 Rdd8 24. dxe6 fxe6 25. 
b3 h5 26. Ne3 Nd5 27. Nc4 Nc3 28. Rxd8 Rxd8 29. Nxc3 Bxc3 30. Rc1 Bd4 31. 
a4 Rd5 32. Kf1 b5 33. axb5 Rxb5 34. Nd2 Bb6 35. Rc6 Kf7 36. f3 Ra5 37. Ke2
Ra1 38. f4 Rg1 39. Kf3 Rd1 40. Rc2 Ke7 41. g3 Kf6 42. Ke2 Rg1 43. Kf3 Rd1 
44. h3 Rh1 45. Ne4+ Ke7 46. Ng5 Rf1+ 47. Kg2 Rg1+ 48. Kf3 Rf1+ 49. Ke2 
Rf2+ 50. Kd3 Rxc2 51. Kxc2 e5 52. Kd3 exf4 53. gxf4 Kf6 54. Ke4 Bf2 55. 
Nf3 Bb6 56. Ne5 Bc7 57. Nc6 Bb6 58. Nb4 Ke6 59. Nd3 Kf6 60. Ne5 Bc7 61. 
Nd7+ Ke6 62. Nc5+ Kf6 63. Nd7+ 1/2-1/2

[Event "N1 Reykjavik Open 2014"]
[Site "Reykjavik, Iceland"]
[Date "2014.03.09"]
[Round "7.5"]
[White "Bekker-Jensen, Simon"]
[Black "Jones, Gawain C B"]
[Result "1/2-1/2"]
[WhiteElo "2418"]
[BlackElo "2651"]
[LiveChessVersion "1.4.2"]

1. d4 
    {[%clk 1:30:50]}
1. ... Nf6 
    {[%clk 1:29:43]}
2. c4 
    {[%clk 1:31:07]}
2. ... e6 
    {[%clk 1:30:00]}
3. Nc3 
    {[%clk 1:31:27]}
3. ... Bb4 
    {[%clk 1:30:25]}
4. e3 
    {[%clk 1:31:25]}
4. ... O-O 
    {[%clk 1:30:47]}
5. Bd3 
    {[%clk 1:31:36]}
5. ... d5 
    {[%clk 1:30:57]}
6. Nf3 
    {[%clk 1:31:27]}
6. ... c5 
    {[%clk 1:31:20]}
7. O-O 
    {[%clk 1:31:42]}
7. ... Nc6 
    {[%clk 1:31:41]}
8. a3 
    {[%clk 1:31:49]}
8. ... Bxc3 
    {[%clk 1:32:03]}
9. bxc3 
    {[%clk 1:32:10]}
9. ... dxc4 
    {[%clk 1:32:25]}
10. Bxc4 
    {[%clk 1:32:27]}
10. ... Qc7 
    {[%clk 1:32:45]}
11. Bb2 
    {[%clk 1:30:57]}
11. ... e5 
    {[%clk 1:31:08]}
12. h3 
    {[%clk 1:29:51]}
12. ... Bf5 
    {[%clk 1:30:13]}
13. Bb5 
    {[%clk 1:26:48]}
13. ... e4 
    {[%clk 1:23:49]}
14. Nd2 
    {[%clk 1:26:35]}
14. ... Rad8 
    {[%clk 1:19:32]}
15. Qe2 
    {[%clk 1:25:54]}
15. ... Bg6 
    {[%clk 1:10:03]}
16. Rfc1 
    {[%clk 1:18:00]}
16. ... Bh5 
    {[%clk 0:58:50]}
17. Qf1 
    {[%clk 1:17:20]}
17. ... Rd5 
    {[%clk 0:51:05]}
18. c4 
    {[%clk 1:05:36]}
18. ... Rg5 
    {[%clk 0:50:55]}
19. Bxc6 
    {[%clk 1:04:12]}
19. ... bxc6 
    {[%clk 0:50:41]}
20. Kh1 
    {[%clk 1:01:34]}
20. ... Re8 
    {[%clk 0:47:47]}
21. Rab1 
    {[%clk 0:57:51]}
21. ... Re6 
    {[%clk 0:36:50]}
22. d5 
    {[%clk 0:50:49]}
22. ... Ng4 
    {[%clk 0:28:58]}
23. Qg1 
    {[%clk 0:43:35]}
23. ... cxd5 
    {[%clk 0:25:25]}
24. cxd5 
    {[%clk 0:43:55]}
24. ... Rxd5 
    {[%clk 0:25:17]}
25. Nf1 
    {[%clk 0:43:18]}
25. ... Rg6 
    {[%clk 0:17:33]}
26. Rc2 
    {[%clk 0:40:38]}
26. ... h6 
    {[%clk 0:14:50]}
27. hxg4 
    {[%clk 0:30:29]}
27. ... Bxg4 
    {[%clk 0:12:04]}
28. Ng3 
    {[%clk 0:28:39]}
28. ... Rgg5 
    {[%clk 0:11:40]}
29. Qe1 
    {[%clk 0:24:46]}
29. ... Rh5+ 
    {[%clk 0:11:16]}
30. Kg1 
    {[%clk 0:25:06]}
30. ... Rh4 
    {[%clk 0:11:35]}
31. Qc3 
    {[%clk 0:23:20]}
31. ... Rg5 
    {[%clk 0:10:33]}
32. Rd2 
    {[%clk 0:19:45]}
32. ... Kh8 
    {[%clk 0:09:20]}
33. Rbd1 
    {[%clk 0:12:55]}
33. ... Bxd1 
    {[%clk 0:07:57]}
34. Rxd1 
    {[%clk 0:13:20]}
34. ... Kh7 
    {[%clk 0:05:02]}
35. Qc2 
    {[%clk 0:11:34]}
35. ... Rhg4 
    {[%clk 0:01:24]}
36. Kf1 
    {[%clk 0:11:22]}
36. ... Rg6 
    {[%clk 0:00:46]}
37. Rd5 
    {[%clk 0:10:29]}
37. ... c4 
    {[%clk 0:00:40]}
38. Rd4 
    {[%clk 0:09:48]}
38. ... Rxg3 
    {[%clk 0:00:35]}
39. fxg3 
    {[%clk 0:09:51]}
39. ... f5 
    {[%clk 0:00:38]}
40. Rxc4 
    {[%clk 0:38:24]}
40. ... Qxg3 
    {[%clk 0:31:02]}
41. Qf2 
    {[%clk 0:37:27]}
41. ... Qg4 
    {[%clk 0:21:49]}
42. Rd4 
    {[%clk 0:36:34]}
42. ... f4 
    {[%clk 0:18:17]}
43. exf4 
    {[%clk 0:22:00]}
43. ... e3 
    {[%clk 0:18:35]}
44. Qf3 
    {[%clk 0:20:15]}
44. ... e2+ 
    {[%clk 0:18:19]}
45. Ke1 
    {[%clk 0:20:15]}
45. ... Qxf3 
    {[%clk 0:18:26]}
46. gxf3 
    {[%clk 0:20:38]}
46. ... Rg1+ 
    {[%clk 0:18:50]}
47. Kxe2 
    {[%clk 0:21:03]}
47. ... Rg2+ 
    {[%clk 0:19:17]}
48. Ke3 
    {[%clk 0:21:09]}
48. ... Rxb2 
    {[%clk 0:19:41]}
49. Ra4 
    {[%clk 0:21:22]}
49. ... Rb7 
    {[%clk 0:19:23]}
50. f5 
    {[%clk 0:21:05]}
50. ... Rf7 
    {[%clk 0:17:45]}
51. Ra6 
    {[%clk 0:20:48]}
51. ... Rxf5 
    {[%clk 0:15:29]}
52. Rxa7 
    {[%clk 0:21:08]}
52. ... h5 
    {[%clk 0:15:46]}
53. Kf2 
    {[%clk 0:20:16]}
53. ... h4 
    {[%clk 0:15:13]}
54. Kg2 
    {[%clk 0:19:48]}
54. ... Kh6 
    {[%clk 0:15:28]}
55. Ra4 
    {[%clk 0:18:39]}
55. ... g5 
    {[%clk 0:14:23]}
56. Re4 
    {[%clk 0:15:27]}
56. ... Rc5 
    {[%clk 0:14:24]}
57. Kh3 
    {[%clk 0:12:27]}
57. ... Rc2 
    {[%clk 0:13:51]}
58. Re3 
    {[%clk 0:12:48]}
58. ... Kg6 
    {[%clk 0:12:55]}
59. a4 
    {[%clk 0:11:30]}
59. ... Ra2 
    {[%clk 0:11:11]}
60. Re4 
    {[%clk 0:11:41]}
60. ... Rf2 
    {[%clk 0:11:17]}
61. Re3 
    {[%clk 0:11:40]}
61. ... Ra2 
    {[%clk 0:11:34]}
62. Re4 
    {[%clk 0:12:06]}
62. ... Kf5 
    {[%clk 0:11:47]}
63. Rb4 
    {[%clk 0:11:46]}
63. ... Rf2 
    {[%clk 0:12:01]}
64. Rb3 
    {[%clk 0:11:45]}
64. ... Kf4 
    {[%clk 0:12:03]}
65. Ra3 
    {[%clk 0:11:45]}
65. ... Rxf3+ 
    {[%clk 0:11:58]}
66. Rxf3+ 
    {[%clk 0:12:09]}
66. ... Kxf3 
    {[%clk 0:12:24]}
67. a5 
    {[%clk 0:12:28]}
67. ... g4+ 
    {[%clk 0:12:50]}
68. Kxh4 
    {[%clk 0:12:47]}
68. ... g3 
    {[%clk 0:13:16]}
69. a6 
    {[%clk 0:13:12]}
69. ... g2 
    {[%clk 0:13:43]}
70. a7 
    {[%clk 0:13:36]}
70. ... g1=Q 
    {[%clk 0:14:06]}
71. a8=Q+ 
    {[%clk 0:13:59]}
71. ... Ke2 
    {[%clk 0:14:26]}
1/2-1/2

[Event "N1 Reykjavik Open 2014"]
[Site "Reykjavik, Iceland"]
[Date "2014.03.09"]
[Round "7.6"]
[White "Gajewski, Grzegorz"]
[Black "Browne, Walter S."]
[Result "1/2-1/2"]
[WhiteElo "2631"]
[BlackElo "2444"]
[LiveChessVersion "1.4.2"]

1. d4 
    {[%clk 1:30:55]}
1. ... Nf6 
    {[%clk 1:30:55]}
2. c4 
    {[%clk 1:31:19]}
2. ... e6 
    {[%clk 1:31:01]}
3. Nc3 
    {[%clk 1:31:43]}
3. ... Bb4 
    {[%clk 1:31:27]}
4. Qc2 
    {[%clk 1:32:07]}
4. ... O-O 
    {[%clk 1:30:59]}
5. e4 
    {[%clk 1:32:31]}
5. ... d5 
    {[%clk 1:22:54]}
6. e5 
    {[%clk 1:32:47]}
6. ... Ne4 
    {[%clk 1:23:01]}
7. Bd3 
    {[%clk 1:33:12]}
7. ... c5 
    {[%clk 1:17:58]}
8. Ne2 
    {[%clk 1:33:34]}
8. ... Nc6 
    {[%clk 1:07:30]}
9. O-O 
    {[%clk 1:18:26]}
9. ... cxd4 
    {[%clk 1:00:44]}
10. cxd5 
    {[%clk 1:13:07]}
10. ... exd5 
    {[%clk 0:57:38]}
11. Nxd5 
    {[%clk 1:13:31]}
11. ... Qxd5 
    {[%clk 0:57:33]}
12. Bxe4 
    {[%clk 1:13:56]}
12. ... Qxe5 
    {[%clk 0:57:49]}
13. Bxh7+ 
    {[%clk 1:14:19]}
13. ... Kh8 
    {[%clk 0:58:17]}
14. Bd3 
    {[%clk 1:14:34]}
14. ... Be6 
    {[%clk 0:42:47]}
15. f4 
    {[%clk 1:08:08]}
15. ... Qc5 
    {[%clk 0:32:16]}
16. Qd1 
    {[%clk 1:08:06]}
16. ... f5 
    {[%clk 0:27:42]}
17. Ng3 
    {[%clk 0:59:22]}
17. ... Qd5 
    {[%clk 0:24:24]}
18. Bd2 
    {[%clk 0:51:14]}
18. ... Bxd2 
    {[%clk 0:20:03]}
19. Qxd2 
    {[%clk 0:51:33]}
19. ... Rae8 
    {[%clk 0:20:21]}
20. Rae1 
    {[%clk 0:47:13]}
20. ... Bd7 
    {[%clk 0:16:35]}
21. a3 
    {[%clk 0:44:21]}
21. ... g6 
    {[%clk 0:10:19]}
22. Rxe8 
    {[%clk 0:41:21]}
22. ... Rxe8 
    {[%clk 0:10:47]}
23. Re1 
    {[%clk 0:41:43]}
23. ... Rxe1+ 
    {[%clk 0:08:26]}
24. Qxe1 
    {[%clk 0:42:06]}
24. ... Kg7 
    {[%clk 0:08:49]}
25. Ne2 
    {[%clk 0:39:30]}
25. ... Qb3 
    {[%clk 0:07:57]}
26. Qd2 
    {[%clk 0:39:45]}
26. ... Be6 
    {[%clk 0:08:04]}
27. Nc1 
    {[%clk 0:35:31]}
27. ... Qb6 
    {[%clk 0:06:51]}
28. h4 
    {[%clk 0:32:43]}
28. ... Bd5 
    {[%clk 0:06:38]}
29. b4 
    {[%clk 0:29:22]}
29. ... a6 
    {[%clk 0:06:23]}
30. h5 
    {[%clk 0:27:46]}
30. ... gxh5 
    {[%clk 0:04:38]}
31. Bxf5 
    {[%clk 0:26:47]}
31. ... Qd8 
    {[%clk 0:04:45]}
32. Bc2 
    {[%clk 0:23:46]}
32. ... Qe7 
    {[%clk 0:03:24]}
33. Ne2 
    {[%clk 0:11:52]}
33. ... Qe3+ 
    {[%clk 0:03:28]}
34. Qxe3 
    {[%clk 0:12:17]}
34. ... dxe3 
    {[%clk 0:03:53]}
35. Bd3 
    {[%clk 0:12:18]}
35. ... h4 
    {[%clk 0:01:58]}
36. Kf1 
    {[%clk 0:12:20]}
36. ... Ne7 
    {[%clk 0:01:35]}
37. Nd4 
    {[%clk 0:06:15]}
37. ... Ng6 
    {[%clk 0:00:54]}
38. Nf5+ 
    {[%clk 0:05:05]}
38. ... Kf6 
    {[%clk 0:00:44]}
39. Nxe3 
    {[%clk 0:05:23]}
39. ... Nxf4 
    {[%clk 0:01:12]}
40. Nxd5+ 
    {[%clk 0:35:36]}
40. ... Nxd5 
    {[%clk 0:31:40]}
41. Kf2 
    {[%clk 0:32:01]}
41. ... Ke5 
    {[%clk 0:25:09]}
42. Kf3 
    {[%clk 0:32:22]}
42. ... b5 
    {[%clk 0:24:15]}
43. Be4 
    {[%clk 0:17:02]}
43. ... Nb6 
    {[%clk 0:23:37]}
44. Bb7 
    {[%clk 0:16:57]}
44. ... Nc4 
    {[%clk 0:23:27]}
45. Kg4 
    {[%clk 0:16:58]}
45. ... Nxa3 
    {[%clk 0:22:53]}
46. Kxh4 
    {[%clk 0:17:18]}
46. ... Nc2 
    {[%clk 0:22:26]}
47. Bxa6 
    {[%clk 0:12:43]}
47. ... Kf6 
    {[%clk 0:22:33]}
48. Bxb5 
    {[%clk 0:12:57]}
48. ... Nxb4 1/2-1/2